Communication electronics : principles and applications (Record no. 8127)

000 -LEADER
fixed length control field 00840 a2200241 4500
020 ## - INTERNATIONAL STANDARD BOOK NUMBER
International Standard Book Number 0028048377
035 ## - SYSTEM CONTROL NUMBER
System control number (OCoLC)ocm41991374
040 ## - CATALOGING SOURCE
Original cataloging agency DLC
Language of cataloging DLC
082 00 - DEWEY DECIMAL CLASSIFICATION NUMBER
Classification number 621.382
100 1# - MAIN ENTRY--PERSONAL NAME
Personal name Frenzel, Louis E.
245 10 - TITLE STATEMENT
Title Communication electronics : principles and applications
Statement of responsibility, etc. Louis E. Frenzel.
250 ## - EDITION STATEMENT
Edition statement 3rd ed.
260 ## - PUBLICATION, DISTRIBUTION, ETC.
Place of publication, distribution, etc. New York :
Name of publisher, distributor, etc. Glencoe,
Date of publication, distribution, etc. c2001.
300 ## - PHYSICAL DESCRIPTION
Extent xii, 532 p. :
Other physical details ill. ;
Dimensions 29 cm. +
Accompanying material 1 experiments manual.
440 #0 - SERIES STATEMENT/ADDED ENTRY--TITLE
Title Basic skills in electricity and electronics
500 ## - GENERAL NOTE
General note Includes index.
650 #0 - SUBJECT ADDED ENTRY--TOPICAL TERM
Topical term or geographic name entry element Electronics.
650 #0 - SUBJECT ADDED ENTRY--TOPICAL TERM
Topical term or geographic name entry element Radio
General subdivision Receivers.
650 #0 - SUBJECT ADDED ENTRY--TOPICAL TERM
Topical term or geographic name entry element Telecommunication.
856 42 - ELECTRONIC LOCATION AND ACCESS
Materials specified Publisher description
Uniform Resource Identifier <a href="http://www.loc.gov/catdir/description/mh031/99040937.html">http://www.loc.gov/catdir/description/mh031/99040937.html</a>
856 42 - ELECTRONIC LOCATION AND ACCESS
Materials specified Table of contents
Uniform Resource Identifier <a href="http://www.loc.gov/catdir/toc/mh031/99040937.html">http://www.loc.gov/catdir/toc/mh031/99040937.html</a>
942 ## - ADDED ENTRY ELEMENTS (KOHA)
Koha item type Book
Call number prefix 621.382 FRE
Source of classification or shelving scheme
Holdings
Withdrawn status Lost status Damaged status Not for loan Collection code Permanent Location Current Location Shelving location Date acquired Source of acquisition Cost, normal purchase price Total Checkouts Full call number Barcode Date last seen Price effective from Koha item type Date last checked out
          Central Library (CL) Central Library (CL) General Stacks 06/12/2003 New Public Book 675.00   621.382 FRE SEECS003539 11/14/2012 01/05/2017 Book  
          Central Library (CL) Central Library (CL) General Stacks 06/12/2003 New Public Book 675.00   621.382 FRE SEECS003537 11/14/2012 01/05/2017 Book  
          Central Library (CL) Central Library (CL) General Stacks 06/12/2003 New Public Book 675.00 1 621.382 FRE SEECS003538 08/23/2024 01/05/2017 Book 05/02/2024
          Central Library (CL) Central Library (CL) General Stacks 07/04/2003 NIMS Photocopier 574.00   621.382 FRE SEECS003623 11/14/2012 01/05/2017 Book  
© 2023 Central Library, National University of Sciences and Technology. All Rights Reserved.